| 000 | 00989nam0a22002291 4500 | ||
|---|---|---|---|
| 001 | rc\252027 | ||
| 005 | 20260407042548.0 | ||
| 035 | _a(NLR Aleph) 005512991 | ||
| 090 |
_a5426966 _c5426966 |
||
| 100 | _a20030307d1990 |||y0rusy50 ca | ||
| 101 | 0 | _arus | |
| 102 | _aRU | ||
| 105 | _ay ||||||||| | ||
| 200 | 1 |
_aТехнология интенсивного возделывания облепихи в Восточной Сибири _eРекомендации _fВАСХНИЛ, Сиб. отд-ние, Бурят. плодово-ягод. опыт. станция, НИИ садоводства Сибири им. М.А. Лисавенко |
|
| 210 |
_aНовосибирск _cСО ВАСХНИЛ _d1990 |
||
| 215 |
_a36 с. _d20 |
||
| 712 | 0 | 2 |
_aБурятская плодово-ягодная опытная станция _cУлан-Удэ _3RU\NLR\AUTH\8810014823 _9527532 |
| 801 | 0 |
_aRU _bNLR _gpsbo |
|
| 801 | 1 |
_aRU _bELAR _2rusmarc |
|
| 852 |
_aNLR _j90-4/17850 |
||
| 942 | _cBOOK | ||
| 980 | _aNB | ||